Zelda BotW: Alle Gegner - Statistiken

Allgemein
  • Dieses Quiz wurde 32 mal gespielt
  • Das Durchschnittsergebnis liegt bei 52 aus 87
Antwortstatistiken
Hinweis Antwort % Korrekt
Echse mit langer Zunge Echsalfos
100%
Moblin
100%
Blauer Echsalfos
96%
Blauer Moblin
96%
Schweinmonster Bokblin
96%
Schwarzer Echsalfos
96%
Schwarzer Moblin
96%
Silberner Echsalfos
96%
Silberner Moblin
96%
Endgegner im Schloss Verheerung Ganon
96%
Blauer Bokblin
93%
Nur in Master-Modus Goldener Bokblin
93%
Schwarzer Bokblin
93%
Silberner Bokblin
93%
Eis-Echsalfos
89%
Fledermaus Flederbeißer
89%
Boss mit großem Auge Hinox
89%
Gefährlichstes Monster Roter Leune
89%
Blauer Hinox
86%
Blauer Leune
86%
Elektro-Echsalfos
86%
Feuer-Echsalfos
86%
Goldener Moblin
86%
Schwarzer Hinox
86%
Silberner Leune
86%
Eis-Flederbeißer
82%
Elektro-Flederbeißer
82%
Feuer-Flederbeißer
82%
Goldener Echsalfos
82%
Riesiger Stein (Boss) Iwarok
82%
Endgegner (Yiga) Koga
82%
Magmarok
79%
Ganons Feuerfluch
75%
Ganons Wasserfluch
75%
Naydra
75%
Farodra
71%
Endgegner (Titanen) Ganons Windfluch
71%
Boss im Sand Moldora
71%
Drachen Eldra
68%
Ganons Donnerfluch
68%
Goldener Leune
64%
Stalbokblin
64%
Stalmoblin
64%
Weißer Leune
61%
Eis-Schleim
57%
Elektro-Schleim
57%
Feuer-Schleim
57%
Steckt oft in Fässern Schleim
57%
Stalechsalfos
57%
Stalhinox
57%
Glacirok
54%
Yiga-Offizier
54%
Kann zaubern Eis-Pyromagus
50%
Elektro-Pyromagus
50%
Feuer-Pyromagus
50%
Wald-Oktorok
50%
Yiga Yiga-Novize
50%
Spuckt mit Steinen Wasser-Oktorok
46%
Fels-Oktorok
43%
Blitz-Pyromagus
39%
Laufende Steine Ishirok
39%
Meteor-Pyromagus
39%
Wächter in Schreinen Nano-Wächter
39%
Schatz-Oktorok
39%
Iwarok (selten)
36%
Wächter (nicht bewegend) Wächter (Geschütz)
36%
Laufender Wächter Wächter (Läufer)
36%
Dämonenbestie Ganon
32%
Glarok
32%
Iwarok (leuchtend)
32%
Wächter-Wrack
32%
Königsmoldora
29%
Polar-Pyromagus
29%
Magrok
25%
Nano-Wächter 2.0
25%
Schnee-Oktorok
25%
Nano-Wächter 3.0
21%
Nano-Wächter 4.0
21%
Flug-Oktorok
18%
Nur in "Die Ballade der Recken" Mega-Magmarok
18%
Endgegner nur in "Die Ballade der Recken" Priester Miz Kyoshia
18%
Wächter (Flieger)
18%
Nur in Titanen Fluch-Bokblin
11%
Fluch-Echsalfos
11%
Fluch-Moblin
11%
Fliegende Wächter Prupella
11%
Hass-Augapfel
4%
Keine übereinstimmenden Quizze gefunden
Verteilung der Resultate
Anzahl Personen mit jedem Resultat
Perzentil nach korrekt beantworteten Fragen
Ihre Resultats-Entwicklung
Sie haben dieses Quiz noch nicht gespielt